APPLIED food science and engineering with industrial applications
Saved in:
| Format: | Book |
|---|---|
| Language: | English |
| Published: |
Apple Academic Press
2019
|
| Tags: |
Add Tag
No Tags, Be the first to tag this record!
|
MARC
| LEADER | 00000nam a22000007a 4500 | ||
|---|---|---|---|
| 008 | 230818b |||||||| |||| 00| 0 eng d | ||
| 020 | |a 9781771887069 | ||
| 245 | |a APPLIED food science and engineering with industrial applications |c edited by Cristobal Noe Aguilar, Elizabeth Carvajal-Millan |g xv, 339p ;ill | ||
| 250 | |c Aguitar, Cristobal | ||
| 250 | |c Carrrrvajal-Millan, Elizabeth | ||
| 260 | |b Apple Academic Press |c 2019 |h New Jersey, U.S.A. |i 700531 |i 700532 |l R855.2.Ap5 |m Food Analysis |m Food Technology |m Food Industry | ||
| 500 | |a it includes references and index | ||
| 942 | |a lcc |c BK |e Johnson |f 18/08/23 | ||
| 952 | |0 0 |1 0 |2 lcc |4 0 |6 R08552 A P5 |7 0 |9 4390 |a TL |b HOL |c QZ |d 2023-08-18 |l 0 |o R855.2.Ap5 |p 2023-0314 |r 2023-08-18 00:00:00 |t 700531 |w 2023-08-18 |y BK | ||
| 952 | |0 0 |1 0 |2 lcc |4 0 |6 R08552 A P5 |7 0 |9 4391 |a HOL |b HOL |c QZ |d 2023-08-18 |l 0 |o R855.2.Ap5 |p 2023-0315 |r 2023-08-18 00:00:00 |t 700532 |w 2023-08-18 |y BK | ||
| 999 | |c 2203 |d 2203 | ||